The diary of a young girl / (Record no. 5484)

MARC details
000 -LEADER
fixed length control field 00996nam a22002777a 4500
001 - CONTROL NUMBER
control field 5484
003 - CONTROL NUMBER IDENTIFIER
control field FISKH
005 - DATE AND TIME OF LATEST TRANSACTION
control field 20241210145515.0
008 - FIXED-LENGTH DATA ELEMENTS--GENERAL INFORMATION
fixed length control field 241210b cb ||||| |||| 00| 0 eng d
020 ## - INTERNATIONAL STANDARD BOOK NUMBER
International Standard Book Number 9780553296983
040 ## - CATALOGING SOURCE
Original cataloging agency FISKH
Language of cataloging eng
Transcribing agency FISKH
Modifying agency FISKH
050 ## - LIBRARY OF CONGRESS CALL NUMBER
Classification number D810.J4
082 ## - DEWEY DECIMAL CLASSIFICATION NUMBER
Classification number 949.2071092
100 ## - MAIN ENTRY--PERSONAL NAME
Personal name Frank, Anne
245 ## - TITLE STATEMENT
Title The diary of a young girl /
Statement of responsibility, etc. by Anne Frank with an introduction by Eleanor Roosevelt
260 ## - PUBLICATION, DISTRIBUTION, ETC.
Place of publication, distribution, etc. New York :
Name of publisher, distributor, etc. Bantam Books ;
Date of publication, distribution, etc. 1952.
300 ## - PHYSICAL DESCRIPTION
Extent 283 pages :
Other physical details illustrations ;
Dimensions 18 cm .
505 ## - FORMATTED CONTENTS NOTE
Formatted contents note Z <br/>
520 ## - SUMMARY, ETC.
Summary, etc. The journal of a Jewish girl in her early teens describes both the joys and torments of daily life, as well as typical adolescent thoughts, throughout two years spent in hiding with her family during the Nazi occupation of Holland.
521 8# - TARGET AUDIENCE NOTE
Target audience note 1080 <br/>
Source Lexile <br/>
521 8# - TARGET AUDIENCE NOTE
Target audience note Z <br/>
Source Raz-Plus <br/>
650 ## - SUBJECT ADDED ENTRY--TOPICAL TERM
Topical term or geographic name entry element autobiography
Form subdivision non-fiction
700 ## - ADDED ENTRY--PERSONAL NAME
Personal name Frank , Otto
Relator term Editor
942 ## - ADDED ENTRY ELEMENTS (KOHA)
Source of classification or shelving scheme Dewey Decimal Classification
Koha item type Books
Suppress in OPAC No
Holdings
Withdrawn status Lost status Source of classification or shelving scheme Damaged status Not for loan Collection Home library Current library Shelving location Date acquired Total Checkouts Full call number Barcode Date last seen Price effective from Koha item type
    Dewey Decimal Classification     Non-Fiction Footprints International School Library Network Toul Kork Campus Footprints International School Library Network Toul Kork Campus TTP Secondary Non-Fiction Bookshelves 12/10/2024   FRA 949.2071092 D810.J4 FISSE01043 12/10/2024 12/10/2024 Books